Human genetics : (Record no. 17215)
[ view plain ]
| 000 -LEADER | |
|---|---|
| fixed length control field | 00677cam a22002292 4500 |
| 001 - CONTROL NUMBER | |
| control field | 0000024350 |
| 003 - CONTROL NUMBER IDENTIFIER | |
| control field | OSt |
| 005 - DATE AND TIME OF LATEST TRANSACTION | |
| control field | 20180924154645.0 |
| 008 - FIXED-LENGTH DATA ELEMENTS--GENERAL INFORMATION | |
| fixed length control field | 130906s xx 000 0 eng d |
| 020 ## - INTERNATIONAL STANDARD BOOK NUMBER | |
| International Standard Book Number | 0071315838 : |
| 040 ## - CATALOGING SOURCE | |
| Original cataloging agency | KABU |
| Transcribing agency | KABU |
| 050 ## - LIBRARY OF CONGRESS CALL NUMBER | |
| Classification number | QH431 |
| Item number | .L49 2012 c. 1 |
| 100 1# - MAIN ENTRY--PERSONAL NAME | |
| Personal name | Lewis, Ricki. |
| 245 10 - TITLE STATEMENT | |
| Title | Human genetics : |
| Remainder of title | concepts and applications |
| Statement of responsibility, etc. | Ricki Lewis. |
| 250 ## - EDITION STATEMENT | |
| Edition statement | 10th ed. |
| 260 ## - PUBLICATION, DISTRIBUTION, ETC. (IMPRINT) | |
| Place of publication, distribution, etc. | New York : |
| Name of publisher, distributor, etc. | McGraw-Hill |
| Date of publication, distribution, etc. | 2012. |
| 300 ## - PHYSICAL DESCRIPTION | |
| Extent | 1 vol. (various pagings) |
| 650 #0 - SUBJECT ADDED ENTRY--TOPICAL TERM | |
| Topical term or geographic name as entry element | Human genetics. |
| 908 ## - PUT COMMAND PARAMETER (RLIN) | |
| Put command parameter | 130906 |
| 942 ## - ADDED ENTRY ELEMENTS (KOHA) | |
| Source of classification or shelving scheme | Library of Congress Classification |
| Koha item type | General Collection |
| Classification part | QH431 |
| Item part | .L49 2012 c. 1 |
| Withdrawn status | Lost status | Source of classification or shelving scheme | Not for loan | Home library | Current library | Shelving location | Date acquired | Cost, normal purchase price | Total Checkouts | Full call number | Barcode | Date last seen | Date last checked out | Copy number | Price effective from | Koha item type |
|---|---|---|---|---|---|---|---|---|---|---|---|---|---|---|---|---|
| Library of Congress Classification | Kabarak, Main Campus | Kabarak, Main Campus | General Stacks | 24/09/2018 | 1100.00 | 8 | QH431 .L49 2012 c. 1 | 022222 | 07/12/2022 | 06/12/2022 | c. 1 | 24/09/2018 | General Collection |